Diseño de mezclas para tejas de fibro mortero
El presente trabajo propone una metodología de trabajo para el diseño de mezclas óptimas de fibro mortero que sean aplicable a diferentes arenas o tipos de fibras vegetales, que se utilizan en la producción de tejas de fibro_mortero. Como complemento al estudio, se aplica la metodología utiliza...
| Main Author: | |
|---|---|
| Other Authors: | |
| Format: | Tesis Section = Libro |
| Language: | Undetermined Spanish |
| Published: |
Managua
UNI
1992
|
| Subjects: |
| LEADER | 01024nam a2200217Ia 4500 | ||
|---|---|---|---|
| 008 | 240830s9999 xx 000 0 und d | ||
| 040 | |a BIBLIOTECA-RUPAP Mon 666.732 L322 | ||
| 041 | |a spa | ||
| 082 | |a Mon 666.732 L322 | ||
| 100 | 1 | |a Largaespada Moraga, Ivett | |
| 245 | 1 | 0 | |a Diseño de mezclas para tejas de fibro mortero |
| 260 | |a Managua |b UNI |c 1992 | ||
| 300 | |a 175 p. :il. | ||
| 502 | |a Tesis (Ingeniero Civil)- UNI, 1992. | ||
| 520 | 3 | |a El presente trabajo propone una metodología de trabajo para el diseño de mezclas óptimas de fibro mortero que sean aplicable a diferentes arenas o tipos de fibras vegetales, que se utilizan en la producción de tejas de fibro_mortero. Como complemento al estudio, se aplica la metodología utilizando cabuya y materiales de tres bancos de arenas los que se describen en el desarrollo del trabajo. | |
| 650 | 7 | |a TEJAS - PRODUCCIÓN | |
| 650 | 7 | |b TEJADOS CUBIERTOS (CONSTRUCCIÓN) | |
| 700 | 1 | |a Tutor: |b Osorio, José Luis | |
| 942 | |c BK |2 ddc | ||
| 991 | |a TESIS | ||
| 999 | |c 17760 | ||